00322 a2200133 450000100060000002000180000604000260002410000260005024000350007624500300011130000070014136200090014865000310015749853 a9788536009346 cAnchieta - Bela Vista aViana, Antonio Carlos10aO palhaço e a bailarinalpor10aO palhaço e a bailarina a320 a2007 4aLiteratura infanto-juvenil